Tutti gli Stati che hanno controllato Aksaray - Statistics

Statistiche generali
  • Questo quiz è stato fatto 4 volte
  • Il punteggio medio è 27 su 41
Statistiche sulle risposte
con Immagini Hint Risposta % Corretto
546 a.C. - 333 a.C. Impero Achemenide
100%
395 - 614 Impero Bizantino
100%
622 - 668 Impero Bizantino
100%
~1300 a.C. - 1180 a.C. Impero Ittita
100%
333 a.C. - 323 a.C. Impero Macedone
100%
27 a.C. - 270 Impero Romano
100%
273 - 395 Impero Romano
100%
82 a.C. - 27 a.C. Repubblica Romana
100%
782 Califfato Abbàside
67%
806 Califfato Abbàside
67%
838 Califfato Abbàside
67%
844 Califfato Abbàside
67%
668 - 679 Califfato Omàyyade
67%
709 - 710 Califfato Omàyyade
67%
716 - 719 Califfato Omàyyade
67%
679 - 709 Impero Bizantino
67%
710 - 716 Impero Bizantino
67%
719 - 782 Impero Bizantino
67%
782 - 806 Impero Bizantino
67%
806 - 838 Impero Bizantino
67%
838 - 844 Impero Bizantino
67%
844 - 1073 Impero Bizantino
67%
270 - 273 Impero di Palmira
67%
1242 - 1260 Impero Mongolo
67%
1463 - 1922 Impero Ottomano
67%
614 - 622 Impero Sasanide
67%
301 a.C. - 149 a.C. Impero Seleucide
67%
1073 - 1077 Impero Selgiuchide
67%
95 a.C. - 82 a.C. Regno del Ponto
67%
595 a.C. - 546 a.C. Regno di Lidia
67%
1923 - Oggi Repubblica di Turchia
67%
1278 - 1398 Beilicato di Karaman
33%
1403 - 1463 Beilicato di Karaman
33%
1398 - 1402 Beilicato Ottomano
33%
1180 a.C. - 595 a.C. Città-Stato di Nenessa
33%
1922 - 1923 Governo della Grande assemblea nazionale turca
33%
1260 - 1278 Ilkhanato
33%
1402 - 1403 Impero Timuride
33%
323 a.C. - 301 a.C. Regno di Antigono
33%
149 a.C. - 95 a.C. Regno di Cappadocia
33%
1077 - 1242 Sultanato di Rum
33%
Nessun quiz corrispondente trovato
Distribuzione punteggi
Percentuale di utenti per punteggio
Percentile per numero di risposta
I tuoi punteggi nel tempo
Non hai fatto questo quiz